000 00787nam a22002537a 4500
003 UA-OsUOA
001 57906
007 ta
008 20090116b un ||||| |||| 00| 0 ukr d
090 _a32
_bУ45
942 _cMG
040 _aUA-OsUOA
_bukr
_cUA-OsUOA
_dUA-OsUOA
245 _aУкраїна - НАТО
_bЗасновник і видавець: Державне підприємство "Науково-виробничий центр "Євроатлантикінформ"
_cВідповід. за випуск Мокрецов Є.
300 _aС.80
955 _a1
041 _aukr
080 _a32
260 _aК.
246 3 1 _aНауковий журнал
_n
044 _aUA
962 _a2004
099 _a91315
650 7 _a32 Політика
_2UDC
999 _c343990
_d343990